000 00512nam a22001937a 4500
001 00028797
005 20260416141530.0
008 260416b ag ||||| |||| 00| 0 spa d
040 _bspa
_cAR-CcCEOS
080 _a159.2
090 _bFEL
100 _aD. Feldfogel
_91065
245 _aEl psiquismo del niño enfermo orgánico /
_cD. Feldfogel y A. Zimerman
250 _a1ª ed.
260 _aArgentina :
_bPaidos,
_c1981.
300 _a111 p. ;
_c24c15 cm.
650 0 _apsicología
942 _2udc
_cBK
999 _c28833
_d28833
945 _a66467
_bMelina Rolando
_c66467
_dMelina Rolando